000 00283nam a2200133Ia 4500
100 _aSeippel/Robert G
942 _cBK
654 _atransducer
245 _aTransducer interfacing
260 _bPrentice Hall
_c1988
082 _a629.8
_bSEI
300 _a264
546 _aENGLISH
999 _c19101
_d19101